[Event "Croatia GCT 2019"]
[Site "Zagreb CRO"]
[Date "2019.07.07"]
[Round "11"]
[White "Mamedyarov, S."]
[Black "Ding Liren"]
[Result "1/2-1/2"]
[WhiteElo "2774"]
[BlackElo "2805"]
[PlyCount "103"]
[EventDate "2019.06.26"]

1. d4 Nf6 2. c4 e6 3. Nf3 d5 4. Nc3 c5 5. cxd5 Nxd5 6. e4 Nxc3 7. bxc3 cxd4 8.
cxd4 Bb4+ 9. Bd2 Bxd2+ 10. Qxd2 O-O 11. Bc4 Nd7 12. O-O b6 13. Rad1 Bb7 14.
Rfe1 Rc8 15. Bb3 Re8 16. h3 Nf6 17. Qf4 Nh5 18. Qh2 h6 19. Nd2 b5 20. Qe5 Qg5
21. Qxg5 hxg5 22. Nf3 g4 23. hxg4 Nf6 24. Ng5 a5 25. Rb1 Bc6 26. f3 Nh7 27.
Nxh7 Kxh7 28. Kf2 Kg8 29. Rec1 Bd7 30. d5 e5 31. d6 Rxc1 32. Rxc1 Rc8 33. Rxc8+
Bxc8 34. Bd5 Kf8 35. g5 b4 36. Ke3 Ke8 37. f4 exf4+ 38. Kxf4 a4 39. g6 f6 40.
e5 fxe5+ 41. Kxe5 Bg4 42. Kd4 Bd1 43. Bc6+ Kd8 44. Kc4 b3 45. axb3 a3 46. Kc3
a2 47. Kb2 Bxb3 48. Bb5 Bd5 49. Ka1 Be6 50. Kb2 Bd5 51. Ka1 Be6 52. Kb2 1/2-1/2

[Event "Croatia GCT 2019"]
[Site "Zagreb CRO"]
[Date "2019.07.07"]
[Round "11"]
[White "Nakamura, Hi"]
[Black "Anand, V."]
[Result "1/2-1/2"]
[WhiteElo "2754"]
[BlackElo "2767"]
[PlyCount "84"]
[EventDate "2019.06.26"]

1. d4 Nf6 2. c4 e6 3. Nc3 Bb4 4. Qc2 d5 5. cxd5 exd5 6. Bg5 O-O 7. e3 Re8 8.
Bd3 h6 9. Bxf6 Qxf6 10. Qa4 Bxc3+ 11. bxc3 c6 12. Ne2 Bf5 13. Bxf5 Qxf5 14. c4
Nd7 15. cxd5 Qxd5 16. O-O c5 17. Rfd1 Red8 18. Rac1 b6 19. Qa3 Qb7 20. h3 cxd4
21. Rxd4 Nc5 22. Rg4 Ne6 23. Ng3 Rd5 24. e4 Rg5 25. Rd1 Rxg4 26. hxg4 Qc7 27.
Nf5 Rd8 28. Rxd8+ Qxd8 29. Qxa7 Qd1+ 30. Kh2 Qxg4 31. Qxb6 Qxe4 32. Ne3 Qe5+
33. g3 h5 34. Qc6 h4 35. Qe8+ Kh7 36. Qxf7 hxg3+ 37. Kg2 gxf2 38. Qf5+ Qxf5 39.
Nxf5 Nc5 40. a4 Nxa4 41. Nxg7 f1=Q+ 42. Kxf1 Kxg7 1/2-1/2

[Event "World Open 2019"]
[Site "Philadelphia"]
[Date "2019.07.03"]
[Round "1"]
[White "Wu, Logan"]
[Black "Le, Quang Liem"]
[Result "0-1"]
[WhiteElo "2198"]
[BlackElo "2713"]
[PlyCount "59"]
[EventDate "2019.??.??"]
[SourceDate "2019.07.08"]

1. e4 c5 2. Nf3 Nc6 3. d4 cxd4 4. Nxd4 Nf6 5. Nc3 d6 6. Bg5 e6 7. Qd2 a6 8. f4
h6 9. Bxf6 Qxf6 10. Nxc6 bxc6 11. O-O-O Be7 12. Be2 Rb8 13. Bf3 e5 14. g3 O-O
15. h4 Rd8 16. Rdf1 d5 17. exd5 e4 18. Bxe4 cxd5 19. Bf3 Bb4 20. Qd3 Bf5 21.
Nxd5 Rxd5 22. Qxd5 Ba3 23. bxa3 Qb2+ 24. Kd2 Qxc2+ 25. Ke3 Re8+ 26. Qe5 Qc5+
27. Ke2 Rxe5+ 28. fxe5 Bd7 29. Rf2 Bb5+ 30. Ke1 0-1

[Event "World Open 2019"]
[Site "Philadelphia"]
[Date "2019.07.04"]
[Round "2"]
[White "Le, Quang Liem"]
[Black "Chiku-Ratte, Olivier-Kenta"]
[Result "1-0"]
[WhiteElo "2713"]
[BlackElo "2364"]
[PlyCount "85"]
[EventDate "2019.??.??"]
[SourceDate "2019.07.08"]

1. e4 c5 2. Nc3 Nc6 3. Nf3 g6 4. d4 cxd4 5. Nxd4 Bg7 6. Be3 Nf6 7. Bc4 Qa5 8.
O-O O-O 9. Bb3 d6 10. h3 Bd7 11. Qd3 Nxd4 12. Bxd4 Bc6 13. Nd5 Nxd5 14. exd5
Bb5 15. c4 Bxd4 16. Qxd4 Bd7 17. Rae1 Rfe8 18. Re4 e5 19. dxe6 Bxe6 20. Qxd6
Rad8 21. Qf4 Bf5 22. Rxe8+ Rxe8 23. Rd1 Re1+ 24. Rxe1 Qxe1+ 25. Kh2 b6 26. c5
bxc5 27. Qc7 Be6 28. Qxc5 Bxb3 29. axb3 Qa1 30. Qa3 Qc1 31. Qxa7 Qxb2 32. Qb6
Qe5+ 33. g3 h5 34. h4 Kg7 35. b4 Qf5 36. Qc5 Qxc5 37. bxc5 Kf6 38. g4 hxg4 39.
Kg3 Ke6 40. Kxg4 f6 41. h5 gxh5+ 42. Kxh5 f5 43. Kg5 1-0

[Event "World Open 2019"]
[Site "Philadelphia"]
[Date "2019.07.04"]
[Round "2"]
[White "Tiglon, Bryce"]
[Black "Xiong, Jeffery"]
[Result "0-1"]
[WhiteElo "2373"]
[BlackElo "2691"]
[PlyCount "80"]
[EventDate "2019.??.??"]
[SourceDate "2019.07.08"]

1. e4 e5 2. Nf3 Nc6 3. Bb5 a6 4. Ba4 Nge7 5. c3 g6 6. d4 exd4 7. cxd4 Bg7 8. d5
b5 9. Bc2 Na5 10. Bd2 c5 11. Bc3 O-O 12. Bxg7 Kxg7 13. b4 cxb4 14. Qd4+ Kg8 15.
Qxb4 Bb7 16. Nbd2 Rc8 17. Bd3 f5 18. O-O fxe4 19. Bxe4 Nxd5 20. Qd6 Nc3 21.
Bxb7 Nxb7 22. Qxa6 Nc5 23. Qa3 Qf6 24. Rae1 d6 25. Nb1 Nd5 26. Qa5 Nf4 27. Nbd2
Ncd3 28. Ne4 Qb2 29. Rd1 Nh3+ 30. gxh3 Rxf3 31. Qa6 Rcf8 32. Rd2 Qe5 33. Qc6 d5
34. Ng3 Nf4 35. Qd7 d4 36. Rc2 Rc3 37. Rd2 d3 38. h4 Rc7 39. Qg4 Qd5 40. f3 h5
0-1

[Event "World Open 2019"]
[Site "Philadelphia"]
[Date "2019.07.04"]
[Round "3"]
[White "Hakobyan, Aram"]
[Black "Le, Quang Liem"]
[Result "1/2-1/2"]
[WhiteElo "2568"]
[BlackElo "2713"]
[PlyCount "53"]
[EventDate "2019.??.??"]
[SourceDate "2019.07.08"]

1. d4 Nf6 2. c4 e6 3. Nf3 b6 4. g3 Bb7 5. Bg2 Be7 6. O-O O-O 7. Nc3 Ne4 8. Bd2
f5 9. Ne5 Bf6 10. Nxe4 fxe4 11. Qc2 d5 12. cxd5 exd5 13. f4 exf3 14. exf3 c5
15. f4 Nc6 16. dxc5 Nd4 17. Qd3 bxc5 18. Bc3 Bxe5 19. fxe5 Rxf1+ 20. Rxf1 Ne6
21. Rd1 c4 22. Qd2 Qb6+ 23. Bd4 Nxd4 24. Qxd4 Qxd4+ 25. Rxd4 Rb8 26. b3 Kf8 27.
bxc4 1/2-1/2

[Event "World Open 2019"]
[Site "Philadelphia"]
[Date "2019.07.04"]
[Round "3"]
[White "Xiong, Jeffery"]
[Black "Burke, John M"]
[Result "1-0"]
[WhiteElo "2691"]
[BlackElo "2562"]
[PlyCount "89"]
[EventDate "2019.??.??"]
[SourceDate "2019.07.08"]

1. d4 Nf6 2. c4 e6 3. Nc3 Bb4 4. Nf3 d5 5. cxd5 exd5 6. Bf4 Ne4 7. Rc1 Nc6 8.
Nd2 g5 9. Be3 Nxc3 10. bxc3 Bd6 11. h4 Bf4 12. Bxf4 gxf4 13. e3 fxe3 14. Qe2
O-O 15. fxe3 Ne7 16. Qf3 Nf5 17. e4 dxe4 18. Nxe4 Qe7 19. Bd3 Nd6 20. O-O Nxe4
21. Bxe4 Qxh4 22. Rce1 c6 23. Bc2 Be6 24. Re4 Qh6 25. Qg3+ Qg7 26. Qh4 Rae8 27.
Re3 Bg4 28. Rg3 f5 29. Bxf5 Bxf5 30. Rxg7+ Kxg7 31. Qg3+ Kh8 32. Qc7 Bc8 33.
Rf7 Rxf7 34. Qxf7 Rg8 35. Kh2 Rg7 36. Qf8+ Rg8 37. Qf6+ Rg7 38. c4 Bg4 39. Qd8+
Rg8 40. Qc7 b5 41. d5 bxc4 42. d6 Rg7 43. Qd8+ Rg8 44. Qf6+ Rg7 45. d7 1-0

[Event "World Open 2019"]
[Site "Philadelphia"]
[Date "2019.07.05"]
[Round "4"]
[White "Le, Quang Liem"]
[Black "Hevia Alejano, Carlos Antonio"]
[Result "1-0"]
[WhiteElo "2713"]
[BlackElo "2471"]
[PlyCount "101"]
[EventDate "2019.??.??"]
[SourceDate "2019.07.08"]

1. e4 e6 2. d4 d5 3. Nc3 Bb4 4. e5 c5 5. a3 Bxc3+ 6. bxc3 Ne7 7. Qg4 cxd4 8.
cxd4 Qc7 9. Ra2 Nbc6 10. Bd3 O-O 11. Nf3 f5 12. exf6 Rxf6 13. Qg3 Qa5+ 14. Bd2
Qb6 15. O-O Nf5 16. Qh3 Ncxd4 17. Ne5 Nc6 18. Nxc6 Qxc6 19. g4 Rg6 20. Kh1 Nd6
21. Bf4 e5 22. Bxg6 hxg6 23. Bxe5 Qc4 24. Qd3 Bxg4 25. f3 Bh3 26. Rg1 Bf5 27.
Qxc4 Nxc4 28. Bd4 b5 29. Re1 Kf7 30. c3 Bd3 31. Rd1 Bf5 32. Re2 Rc8 33. Bxa7
Nxa3 34. Rxd5 Rxc3 35. Kg2 b4 36. Rde5 Nc2 37. Re7+ Kf6 38. Rb7 b3 39. Kf2 Be6
40. Rd2 Rc6 41. h4 Rc4 42. Rxb3 Rxh4 43. Rd6 Rh2+ 44. Kg1 Re2 45. Rc3 Ke7 46.
Bc5 Kf7 47. Bf2 Bf5 48. Bh4 Kg8 49. Rd8+ Kh7 50. Rc7 Re6 51. Rdd7 1-0

[Event "World Open 2019"]
[Site "Philadelphia"]
[Date "2019.07.05"]
[Round "4"]
[White "Lenderman, Aleksandr"]
[Black "Xiong, Jeffery"]
[Result "0-1"]
[WhiteElo "2640"]
[BlackElo "2691"]
[PlyCount "90"]
[EventDate "2019.??.??"]
[SourceDate "2019.07.08"]

1. d4 Nf6 2. c4 g6 3. g3 Bg7 4. Bg2 O-O 5. Nc3 d6 6. Nf3 Nc6 7. O-O e5 8. d5
Nb8 9. e4 a5 10. h3 Na6 11. Be3 Nh5 12. Ne1 Qe8 13. Kh2 f5 14. Bf3 Nf6 15. Nd3
fxe4 16. Bxe4 b5 17. cxb5 Nxe4 18. Nxe4 Qxb5 19. Nc3 Qd7 20. g4 Nb4 21. Nxb4
axb4 22. Ne4 Bb7 23. Qb3 Qa4 24. Qc4 Ba6 25. Qxc7 Bxf1 26. Rxf1 b3 27. Nc3 Qa6
28. Ra1 Rf7 29. Qc6 e4 30. a4 Qxc6 31. dxc6 Bxc3 32. bxc3 Rc7 33. Rb1 Rb8 34.
a5 Rxc6 35. Bd4 Kf7 36. Kg3 Ke6 37. Kf4 Kd5 38. Ke3 Kc4 39. Kd2 Ra6 40. Bb6
Rbxb6 41. axb6 Rxb6 42. Rb2 Ra6 43. Kc1 Ra1+ 44. Rb1 Rxb1+ 45. Kxb1 Kxc3 0-1

[Event "World Open 2019"]
[Site "Philadelphia"]
[Date "2019.07.05"]
[Round "5"]
[White "Pashikian, Arman"]
[Black "Le, Quang Liem"]
[Result "0-1"]
[WhiteElo "2601"]
[BlackElo "2713"]
[PlyCount "98"]
[EventDate "2019.??.??"]
[SourceDate "2019.07.08"]

1. d4 Nf6 2. c4 e6 3. Nf3 b6 4. g3 Bb7 5. Bg2 Be7 6. O-O O-O 7. Nc3 Ne4 8. Qc2
Nxc3 9. Qxc3 Bf6 10. Qc2 Nc6 11. Rd1 d6 12. e4 e5 13. d5 Nb4 14. Qd2 a5 15. a3
Na6 16. b4 Bc8 17. Ne1 Be7 18. Nd3 f5 19. bxa5 Nc5 20. Nxc5 bxc5 21. exf5 Bxf5
22. Re1 Qd7 23. Qc3 Bf6 24. Be4 Bxe4 25. Rxe4 Qf5 26. f3 Be7 27. Kg2 Rxa5 28.
Rb1 Ra7 29. h4 h5 30. Qe3 Qg6 31. Rb5 Bf6 32. Qb3 Qe8 33. Rb7 Rxb7 34. Qxb7 Qa4
35. Qb2 Ra8 36. Kf2 Qd1 37. Re1 Qd3 38. Qe2 Qd4+ 39. Be3 Qc3 40. Rc1 Qxa3 41.
Qc2 Qa2 42. Ke2 e4 43. fxe4 Bb2 44. Rb1 Bd4 45. Rc1 Qa3 46. Bf4 Rb8 47. Rb1 Rb4
48. e5 dxe5 49. Qg6 Qa2+ 0-1

[Event "World Open 2019"]
[Site "Philadelphia"]
[Date "2019.07.05"]
[Round "5"]
[White "Xiong, Jeffery"]
[Black "Nyzhnyk, Illya"]
[Result "1/2-1/2"]
[WhiteElo "2713"]
[BlackElo "2657"]
[PlyCount "93"]
[EventDate "2019.??.??"]
[SourceDate "2019.07.08"]

1. e4 e6 2. d4 d5 3. Nc3 dxe4 4. Nxe4 Nd7 5. g3 Ngf6 6. Nxf6+ Nxf6 7. Bg2 e5 8.
Ne2 exd4 9. Qxd4 Be7 10. Bf4 O-O 11. O-O-O c6 12. Qe5 Bd7 13. Bh3 Nd5 14. Bxd7
Qxd7 15. Nc3 Rfd8 16. Nxd5 cxd5 17. Qc7 f6 18. Rd3 Qxc7 19. Bxc7 Rd7 20. Bf4
Bc5 21. Be3 Bxe3+ 22. Rxe3 Kf7 23. Rd1 Rc8 24. Rdd3 Rc6 25. Kd2 Re6 26. Ra3 a6
27. Rab3 Rc7 28. Rxe6 Kxe6 29. Rb6+ Ke5 30. Kd3 g5 31. c3 h5 32. a4 Rc4 33. a5
Rc7 34. Rb4 g4 35. h4 Re7 36. Rb6 Rc7 37. Rb3 Re7 38. Rb4 Rc7 39. Ke3 Rf7 40.
Rb6 Rd7 41. f3 gxf3 42. Kxf3 Kf5 43. Rb4 Rg7 44. Rd4 Ke5 45. Rb4 Kf5 46. Rf4+
Ke5 47. Rb4 1/2-1/2

[Event "World Open 2019"]
[Site "Philadelphia"]
[Date "2019.07.06"]
[Round "6"]
[White "Ortiz Suarez, Isan Reynaldo"]
[Black "Xiong, Jeffery"]
[Result "1/2-1/2"]
[WhiteElo "2533"]
[BlackElo "2691"]
[PlyCount "70"]
[EventDate "2019.??.??"]
[SourceDate "2019.07.08"]

1. e4 e5 2. Nf3 Nc6 3. Bb5 Nf6 4. O-O Nxe4 5. d4 Nd6 6. Bxc6 dxc6 7. dxe5 Nf5
8. Qxd8+ Kxd8 9. Nc3 Be7 10. h3 Be6 11. Rd1+ Kc8 12. Bg5 h6 13. Bxe7 Nxe7 14.
Nd4 Bd7 15. e6 fxe6 16. Re1 b6 17. Nxe6 Nf5 18. Nf4 Re8 19. Rxe8+ Bxe8 20. Rd1
c5 21. Ne6 Bf7 22. Rd8+ Kb7 23. Rxa8 Kxa8 24. Nxc7+ Kb7 25. N7d5 Kc6 26. Nf4
Nd4 27. Nd3 Bg8 28. f4 Nxc2 29. Kf2 Nd4 30. g4 b5 31. a3 a5 32. Ke3 Nc2+ 33.
Kd2 Nd4 34. Ke3 Nc2+ 35. Kd2 Nd4 1/2-1/2

[Event "World Open 2019"]
[Site "Philadelphia"]
[Date "2019.07.06"]
[Round "7"]
[White "Le, Quang Liem"]
[Black "Nyzhnyk, Illya"]
[Result "1-0"]
[WhiteElo "2713"]
[BlackElo "2657"]
[PlyCount "107"]
[EventDate "2019.??.??"]
[SourceDate "2019.07.08"]

1. e4 e5 2. Nf3 Nf6 3. Nxe5 d6 4. Nf3 Nxe4 5. d4 d5 6. Bd3 Bd6 7. O-O O-O 8. c4
c6 9. Nc3 Nxc3 10. bxc3 dxc4 11. Bxc4 Bf5 12. Re1 Nd7 13. Bg5 Qa5 14. Nh4 Nb6
15. Bb3 Be6 16. Bd2 Bc4 17. Qg4 g6 18. Nf3 Qd5 19. Bh6 Rfe8 20. Nd2 Bxb3 21.
axb3 f5 22. Qh4 Rxe1+ 23. Rxe1 Qf7 24. c4 Re8 25. Rxe8+ Qxe8 26. Bf4 Be7 27.
Qg3 Nd7 28. Qe3 Kf7 29. Nf3 Bf6 30. Be5 Qe7 31. h3 c5 32. Qh6 Nxe5 33. dxe5
Bxe5 34. Qxh7+ Bg7 35. h4 Qf6 36. h5 gxh5 37. Qxh5+ Qg6 38. Qh2 Qf6 39. Qb8 Qb6
40. Qf4 Qf6 41. g3 b6 42. Nh4 Ke6 43. Qc7 Qe5 44. Qc6+ Kf7 45. Qg6+ Kf8 46.
Qxf5+ Qxf5 47. Nxf5 Bf6 48. Kg2 a6 49. Kf3 Kf7 50. Ke4 Ke6 51. f4 b5 52. Ne3
Bd4 53. Nd5 Kd6 54. g4 1-0

[Event "World Open 2019"]
[Site "Philadelphia"]
[Date "2019.07.06"]
[Round "7"]
[White "Xiong, Jeffery"]
[Black "Hong, Andrew"]
[Result "1-0"]
[WhiteElo "2691"]
[BlackElo "2434"]
[PlyCount "155"]
[EventDate "2019.??.??"]
[SourceDate "2019.07.08"]

1. c4 e6 2. Nf3 d5 3. e3 Nf6 4. b3 c5 5. Bb2 Nc6 6. g3 d4 7. exd4 cxd4 8. Bg2
e5 9. O-O Bd6 10. c5 Bxc5 11. Re1 e4 12. Ng5 Bg4 13. Qc2 Be7 14. Nxe4 O-O 15.
Nxf6+ Bxf6 16. Na3 Qd7 17. Qc5 Rac8 18. Nc4 Rfd8 19. Rac1 Qc7 20. Ba3 Be6 21.
Qh5 Qb8 22. Rxe6 fxe6 23. Bh3 g6 24. Bxe6+ Kg7 25. Qh3 b5 26. Na5 Nxa5 27. Rxc8
Rxc8 28. Bxc8 b4 29. Qd7+ Kf8 30. Qe6 Kg7 31. Bc1 Qc7 32. Qd7+ Qxd7 33. Bxd7
Nb7 34. d3 a6 35. Be6 Nc5 36. Bc4 Kf8 37. a3 bxa3 38. Bxa3 Be7 39. Bb2 Bf6 40.
Ba3 Be7 41. Bb2 Bf6 42. b4 Na4 43. Bc1 Nc3 44. Bh6+ Ke8 45. Bxa6 Nd5 46. Bd2
Be7 47. b5 Nb4 48. Bxb4 Bxb4 49. b6 Kd7 50. Bb5+ Ke6 51. Bc6 g5 52. Kg2 h6 53.
Kf3 Kf5 54. Be4+ Kf6 55. Kg4 Bc5 56. b7 Bd6 57. Kh5 Kg7 58. h4 gxh4 59. Kxh4
Kf6 60. Kh5 Kg7 61. Bf5 Bc7 62. Bh3 Bd6 63. f4 Bb8 64. Kg4 Kf6 65. Kf3 Ke7 66.
Ke4 Ba7 67. Kd5 Bb8 68. Kxd4 Kf6 69. Bg4 Bc7 70. Kc5 Ke7 71. Kc6 Bb8 72. d4 Kd8
73. d5 Ke7 74. f5 h5 75. Bxh5 Bxg3 76. f6+ Kd8 77. f7 Bd6 78. b8=Q+ 1-0

[Event "World Open 2019"]
[Site "Philadelphia"]
[Date "2019.07.07"]
[Round "8"]
[White "Le, Quang Liem"]
[Black "Xiong, Jeffery"]
[Result "1/2-1/2"]
[WhiteElo "2713"]
[BlackElo "2691"]
[PlyCount "99"]
[EventDate "2019.??.??"]
[SourceDate "2019.07.08"]

1. e4 e5 2. Nf3 Nc6 3. Bb5 Nf6 4. d3 Ne7 5. O-O c6 6. Ba4 Ng6 7. Re1 Bc5 8. c3
d6 9. Nbd2 O-O 10. Nf1 Bb6 11. Ng3 d5 12. Bb3 dxe4 13. Nxe4 Nxe4 14. dxe4 h6
15. Qxd8 Rxd8 16. h4 Bg4 17. Nh2 Bc8 18. Nf3 Bg4 19. Nh2 Bc8 20. g3 Rd3 21. Kf1
Bh3+ 22. Ke2 Rad8 23. a4 a5 24. Bc4 R3d7 25. Be3 Bxe3 26. Kxe3 Nf8 27. Nf3 Re8
28. Red1 Bg4 29. Rxd7 Nxd7 30. Nd2 Nb6 31. f3 Bd7 32. b4 Ra8 33. bxa5 Rxa5 34.
Rb1 Nxa4 35. Rxb7 Be8 36. Rb8 Kf8 37. Bd3 Nxc3 38. Nc4 Ra7 39. Nd6 Re7 40. h5
Re6 41. Nf5 Nb5 42. Bc4 Rf6 43. f4 Nd6 44. Nxd6 Rxd6 45. fxe5 Rd7 46. e6 fxe6
47. Bxe6 Ra7 48. g4 Ke7 49. Bb3 Ra5 50. Bc4 1/2-1/2

[Event "World Open 2019"]
[Site "Philadelphia"]
[Date "2019.07.07"]
[Round "9"]
[White "Quesada Perez, Yasser"]
[Black "Le, Quang Liem"]
[Result "0-1"]
[WhiteElo "2572"]
[BlackElo "2713"]
[PlyCount "70"]
[EventDate "2019.??.??"]
[SourceDate "2019.07.08"]

1. e4 c5 2. Nf3 Nc6 3. Bb5 g6 4. Bxc6 dxc6 5. d3 Bg7 6. h3 e5 7. Be3 b6 8. Nc3
Qc7 9. O-O Nf6 10. Qd2 Nh5 11. Bh6 f6 12. Ne2 g5 13. Bxg7 Qxg7 14. Nh2 Nf4 15.
Rfe1 Be6 16. Nf1 Qd7 17. Neg3 h5 18. Ne3 c4 19. Ngf5 cxd3 20. cxd3 Qxd3 21.
Rad1 Qxd2 22. Rxd2 Rd8 23. Red1 Rxd2 24. Rxd2 Rh7 25. Rd6 Rc7 26. Kh2 Rd7 27.
Rxc6 Rd2 28. Rc7 Bxf5 29. exf5 Rxf2 30. Kg3 Re2 31. Rc3 Rxb2 32. Kf3 Rxa2 33.
g3 Ne2 34. Rc7 Ng1+ 35. Ke4 Rd2 0-1

[Event "World Open 2019"]
[Site "Philadelphia"]
[Date "2019.07.07"]
[Round "9"]
[White "Corrales Jimenez, Fidel"]
[Black "Xiong, Jeffery"]
[Result "0-1"]
[WhiteElo "2548"]
[BlackElo "2691"]
[PlyCount "80"]
[EventDate "2019.??.??"]
[SourceDate "2019.07.08"]

1. e4 c6 2. d4 d5 3. e5 Bf5 4. h4 h5 5. Bd3 Bxd3 6. Qxd3 Qa5+ 7. Bd2 Qa6 8. e6
Qxd3 9. exf7+ Kxf7 10. cxd3 e6 11. Nf3 Bd6 12. O-O Na6 13. a3 Ne7 14. Re1 Nc7
15. Bb4 Bxb4 16. axb4 Nf5 17. Nbd2 Rhd8 18. Re5 Kf6 19. Rae1 Rd6 20. Nb3 b6 21.
g3 Nb5 22. Kg2 g6 23. Kh3 a5 24. bxa5 bxa5 25. Nc5 Nfxd4 26. Ng5 Nc7 27. Nh7+
Ke7 28. Ra1 Rdd8 29. f4 Rdb8 30. Ng5 Kd6 31. Na4 Rb3 32. Nf7+ Ke7 33. Ng5 Rxd3
34. Nc5 Rd2 35. Rae1 Rb8 36. Ncxe6 Ncxe6 37. Nxe6 Nf3 38. Nd4+ Nxe5 39. Nxc6+
Kd6 40. Nxb8 Ng4 0-1

[Event "World Open ((tie-break)) 2019"]
[Site "Philadelphia"]
[Date "2019.07.07"]
[Round "10"]
[White "Xiong, Jeffery"]
[Black "Le, Quang Liem"]
[Result "1/2-1/2"]
[WhiteElo "2691"]
[BlackElo "2713"]
[PlyCount "71"]
[EventDate "2019.??.??"]
[SourceDate "2019.07.08"]

1. c4 e5 2. Nc3 Nf6 3. e3 Nc6 4. g4 h6 5. Bg2 Bb4 6. h3 Bxc3 7. bxc3 e4 8. f3
Qe7 9. Qc2 exf3 10. Nxf3 d6 11. d3 Ne5 12. Nxe5 dxe5 13. a4 Qe6 14. Ba3 e4 15.
O-O Bd7 16. d4 Qxc4 17. Rxf6 gxf6 18. Qxe4+ Qe6 19. Qxb7 Rc8 20. Rf1 h5 21. g5
Rg8 22. h4 fxg5 23. e4 gxh4 24. Rf5 Bc6 25. Qb4 Rxg2+ 26. Kf1 f6 27. d5 Qd6 28.
Kxg2 Qxb4 29. Bxb4 Bxa4 30. Rxf6 c5 31. Ba5 Bc2 32. Kf3 h3 33. Rh6 h2 34. Re6+
Kd7 35. Kg2 Re8 36. Rxe8 1/2-1/2

[Event "Riga FIDE Grand Prix 2019"]
[Site "Riga LAT"]
[Date "2019.07.12"]
[Round "1"]
[White "Karjakin, Sergey"]
[Black "Giri, Anish"]
[Result "1/2-1/2"]
[WhiteElo "2748"]
[BlackElo "2779"]
[PlyCount "31"]
[EventDate "2019.07.12"]

1. e4 e5 2. Nf3 Nc6 3. Bb5 Nf6 4. d3 Bc5 5. O-O Nd4 6. Nxd4 Bxd4 7. Ba4 O-O 8.
c3 Bb6 9. Bg5 h6 10. Bh4 d6 11. Nd2 Bg4 12. Qe1 Be6 13. Bb3 Bxb3 14. axb3 Qe7
15. Nc4 Qe6 16. Bxf6 1/2-1/2

[Event "Riga FIDE Grand Prix 2019"]
[Site "Riga LAT"]
[Date "2019.07.12"]
[Round "1"]
[White "So, Wesley"]
[Black "Harikrishna, Pentala"]
[Result "1/2-1/2"]
[WhiteElo "2763"]
[BlackElo "2734"]
[PlyCount "90"]
[EventDate "2019.07.12"]

1. e4 e5 2. Nf3 Nc6 3. Bc4 Bc5 4. c3 Nf6 5. d3 d6 6. O-O a6 7. Re1 Ba7 8. a4
O-O 9. h3 h6 10. Nbd2 Re8 11. b4 Be6 12. Bxe6 Rxe6 13. Qc2 Qd7 14. Nf1 d5 15.
Be3 Bxe3 16. Nxe3 Rd8 17. b5 Ne7 18. c4 d4 19. Nd5 Ng6 20. Rab1 axb5 21. Rxb5
c6 22. Nb6 Qe7 23. Rbb1 Nh5 24. g3 Rf6 25. Qd1 Ngf4 26. gxf4 Nxf4 27. Kh2 Rg6
28. Rg1 Rxg1 29. Nxg1 Rd6 30. Nc8 Qh4 31. Qf3 Rg6 32. Rxb7 Rg2+ 33. Qxg2 Nxg2
34. Kxg2 Qg5+ 35. Kh1 Qd2 36. a5 Qxa5 37. Ne7+ Kh7 38. Nxc6 Qa6 39. Nd8 Qa3 40.
Nxf7 Qxd3 41. Nd6 Qc2 42. Rd7 Qa4 43. Re7 d3 44. Nf3 d2 45. Nxd2 Qd1+ 1/2-1/2

[Event "Riga FIDE Grand Prix 2019"]
[Site "Riga LAT"]
[Date "2019.07.12"]
[Round "1"]
[White "Svidler, Peter"]
[Black "Duda, Jan-Krzysztof"]
[Result "1/2-1/2"]
[WhiteElo "2737"]
[BlackElo "2729"]
[PlyCount "83"]
[EventDate "2019.07.12"]

1. e4 e5 2. Bc4 Nf6 3. d3 c6 4. Nf3 d5 5. Bb3 Bb4+ 6. Bd2 Bxd2+ 7. Qxd2 Qd6 8.
Qg5 Nbd7 9. exd5 cxd5 10. d4 e4 11. Nh4 Nb6 12. Qxg7 Qf4 13. Qxh8+ Ke7 14. Nc3
Qxh4 15. Qg7 Bg4 16. Bxd5 Nbxd5 17. Nxd5+ Nxd5 18. Qe5+ Be6 19. c4 f6 20. Qg3
Nf4 21. d5 Nd3+ 22. Kd2 Qxg3 23. hxg3 Bf5 24. f3 exf3 25. gxf3 Nxb2 26. Rae1+
Kd7 27. g4 Bg6 28. Kc3 Nd3 29. Re6 Rf8 30. g5 fxg5 31. Rxg6 hxg6 32. Rh7+ Kd6
33. Kxd3 Rxf3+ 34. Ke2 Rc3 35. Rxb7 Rxc4 36. Rxa7 Kxd5 37. Ra5+ Rc5 38. Rxc5+
Kxc5 39. Kf3 Kb4 40. Kg4 Ka3 41. Kxg5 Kxa2 42. Kxg6 1/2-1/2

[Event "Riga FIDE Grand Prix 2019"]
[Site "Riga LAT"]
[Date "2019.07.12"]
[Round "1"]
[White "Mamedyarov, Shakhriyar"]
[Black "Dubov, Daniil"]
[Result "1/2-1/2"]
[WhiteElo "2765"]
[BlackElo "2700"]
[PlyCount "69"]
[EventDate "2019.07.12"]

1. c4 Nf6 2. Nc3 c5 3. g3 e6 4. Nf3 d5 5. cxd5 exd5 6. d4 Nc6 7. Bg2 cxd4 8.
Nxd4 Bc5 9. Nb3 Bb6 10. Na4 O-O 11. Nxb6 axb6 12. Be3 h5 13. O-O h4 14. Bg5 h3
15. Bh1 Re8 16. Re1 Bg4 17. a3 Qd6 18. Qd2 Qe5 19. f3 Be6 20. Rad1 d4 21. f4
Qb5 22. Nxd4 Nxd4 23. Qxd4 Bb3 24. Rd3 Bc4 25. Rc3 Bxe2 26. Bxf6 gxf6 27. Qxf6
Bf3 28. Re5 Rxe5 29. fxe5 Bxh1 30. e6 Qd5 31. Qxf7+ Kh8 32. Qf6+ Kg8 33. Qg6+
Kh8 34. Qf6+ Kg8 35. Qf7+ 1/2-1/2

[Event "Riga FIDE Grand Prix 2019"]
[Site "Riga LAT"]
[Date "2019.07.12"]
[Round "1"]
[White "Vitiugov, Nikita"]
[Black "Grischuk, Alexander"]
[Result "1/2-1/2"]
[WhiteElo "2727"]
[BlackElo "2766"]
[PlyCount "90"]
[EventDate "2019.07.12"]

1. e4 e5 2. Nf3 Nc6 3. Bc4 Nf6 4. Ng5 d5 5. exd5 Na5 6. Bb5+ c6 7. dxc6 bxc6 8.
Bd3 Ng4 9. Ne4 f5 10. Be2 h5 11. h3 fxe4 12. hxg4 Bc5 13. Nc3 Qd4 14. O-O Rf8
15. Qe1 hxg4 16. g3 Bf5 17. d3 Rh8 18. Be3 Qd6 19. Kg2 O-O-O 20. Rh1 Bxe3 21.
fxe3 Rxh1 22. Qxh1 exd3 23. cxd3 Bxd3 24. Bxg4+ Kb8 25. Qh4 Nc4 26. Re1 Rf8 27.
Bf3 Bf1+ 28. Kg1 Rxf3 29. Rxf1 Rxf1+ 30. Kxf1 Qd3+ 31. Kg1 Qxe3+ 32. Kh2 Qh6
33. Qxh6 gxh6 34. Kh3 Nxb2 35. Kg4 Kc7 36. Kh5 Nc4 37. Kxh6 Ne3 38. Kh5 Kd6 39.
g4 Ke6 40. g5 Nf5 41. g6 c5 42. Kg5 c4 43. Ne4 Ne7 44. g7 Kf7 45. Nd6+ Kxg7
1/2-1/2

[Event "Riga FIDE Grand Prix 2019"]
[Site "Riga LAT"]
[Date "2019.07.12"]
[Round "1"]
[White "Aronian, Levon"]
[Black "Yu, Yangyi"]
[Result "1/2-1/2"]
[WhiteElo "2756"]
[BlackElo "2736"]
[PlyCount "57"]
[EventDate "2019.07.12"]

1. c4 c6 2. d4 d5 3. cxd5 cxd5 4. Bf4 Nc6 5. e3 Nf6 6. Nc3 Bf5 7. Qb3 Na5 8.
Qa4+ Bd7 9. Qc2 e6 10. Nf3 Be7 11. Bd3 Nc6 12. Qe2 Nh5 13. Be5 f6 14. Bg3 f5
15. Nd2 g6 16. Nb3 Nxg3 17. hxg3 Nb4 18. Bb1 Qb6 19. g4 O-O-O 20. gxf5 gxf5 21.
a3 Nd3+ 22. Bxd3 Qxb3 23. Bb5 h5 24. Rc1 Kb8 25. Bxd7 Rxd7 26. Qc2 Qb6 27. Na4
Qd8 28. Nc5 Bxc5 29. dxc5 1/2-1/2

[Event "Riga FIDE Grand Prix 2019"]
[Site "Riga LAT"]
[Date "2019.07.12"]
[Round "1"]
[White "Nakamura, Hikaru"]
[Black "Topalov, Veselin"]
[Result "1/2-1/2"]
[WhiteElo "2754"]
[BlackElo "2740"]
[PlyCount "77"]
[EventDate "2019.07.12"]

1. e4 e5 2. Nf3 Nc6 3. Bb5 a6 4. Ba4 Nf6 5. O-O Be7 6. Re1 b5 7. Bb3 O-O 8. a4
Bb7 9. d3 d6 10. Nbd2 Nd7 11. c3 Nc5 12. axb5 axb5 13. Rxa8 Qxa8 14. Bc2 b4 15.
d4 bxc3 16. bxc3 Nd7 17. Nf1 Bf6 18. d5 Ncb8 19. h4 Qa1 20. Re3 Nc5 21. c4 Qa6
22. N1d2 Qb6 23. Ra3 Bc8 24. Nb3 Nba6 25. Nxc5 Nxc5 26. Qe1 Bg4 27. Nh2 Bd7 28.
g3 Rb8 29. Nf3 h6 30. Be3 Qb2 31. Qc3 Qxc3 32. Rxc3 Ra8 33. Bxc5 dxc5 34. Rb3
Bg4 35. Kg2 Bxf3+ 36. Kxf3 Be7 37. h5 Bd6 38. Bd1 g6 39. Kg2 1/2-1/2

[Event "Riga FIDE Grand Prix 2019"]
[Site "Riga LAT"]
[Date "2019.07.12"]
[Round "1"]
[White "Vachier-Lagrave, Maxime"]
[Black "Navara, David"]
[Result "1-0"]
[WhiteElo "2775"]
[BlackElo "2734"]
[PlyCount "37"]
[EventDate "2019.07.12"]

1. e4 c6 2. Nf3 d5 3. Nc3 Bg4 4. h3 Bxf3 5. Qxf3 Nf6 6. Be2 e6 7. O-O Bc5 8.
Rd1 Bd4 9. Qf4 e5 10. Qg3 dxe4 11. d3 exd3 12. Bxd3 Nbd7 13. Ne2 O-O 14. Bf5
Nc5 15. Bh6 Nh5 16. Qg4 Qd6 17. Qxh5 Qxh6 18. Qxh6 gxh6 19. c3 1-0